Assassination of Mahatma Gandhi (Record no. 240672)
[ view plain ]
| 000 -LEADER | |
|---|---|
| fixed length control field | 00720nam a22002057a 4500 |
| 005 - DATE AND TIME OF LATEST TRANSACTION | |
| control field | 20251107084006.0 |
| 008 - FIXED-LENGTH DATA ELEMENTS--GENERAL INFORMATION | |
| fixed length control field | 251105b |||||||| |||| 00| 0 eng d |
| 020 ## - INTERNATIONAL STANDARD BOOK NUMBER | |
| International Standard Book Number | 978-9387791602 |
| 040 ## - CATALOGING SOURCE | |
| Transcribing agency | AL |
| 041 ## - LANGUAGE CODE | |
| Language code of text/sound track or separate title | English |
| 082 ## - DEWEY DECIMAL CLASSIFICATION NUMBER | |
| Classification number | 954.035 |
| Item number | NAMA |
| 100 ## - MAIN ENTRY--PERSONAL NAME | |
| Personal name | Suresh Nambath |
| 100 ## - MAIN ENTRY--PERSONAL NAME | |
| 9 (RLIN) | 244480 |
| 245 ## - TITLE STATEMENT | |
| Title | Assassination of Mahatma Gandhi |
| Remainder of title | : trial and verdict 1948-49 |
| 260 ## - PUBLICATION, DISTRIBUTION, ETC. | |
| Place of publication, distribution, etc. | Chennai |
| Name of publisher, distributor, etc. | THG Publishing Private Limited |
| Date of publication, distribution, etc. | 2025 |
| 365 ## - TRADE PRICE | |
| Price type code | 695-2025/26 |
| Price amount | ₹559.00 |
| Currency code | ₹ |
| Unit of pricing | ₹699.00 |
| Price note | 20% |
| Price effective from | 07-10-2025 |
| 650 ## - SUBJECT ADDED ENTRY--TOPICAL TERM | |
| Topical term or geographic name entry element | Mahatma Gandhi 1869–1948 Assassination. |
| 9 (RLIN) | 244155 |
| 650 ## - SUBJECT ADDED ENTRY--TOPICAL TERM | |
| Topical term or geographic name entry element | India Politics and government 1947 -1950 |
| 9 (RLIN) | 244156 |
| 650 ## - SUBJECT ADDED ENTRY--TOPICAL TERM | |
| Topical term or geographic name entry element | Mahatma Gandhi 1869–1948 Trials litigation |
| 9 (RLIN) | 244157 |
| 942 ## - ADDED ENTRY ELEMENTS (KOHA) | |
| Source of classification or shelving scheme | Dewey Decimal Classification |
| Koha item type | Book |
| Withdrawn status | Lost status | Source of classification or shelving scheme | Damaged status | Not for loan | Collection code | Home library | Current library | Shelving location | Date acquired | Source of acquisition | Cost, normal purchase price | Total Checkouts | Full call number | Barcode | Date last seen | Cost, replacement price | Price effective from | Koha item type |
|---|---|---|---|---|---|---|---|---|---|---|---|---|---|---|---|---|---|---|
| Dewey Decimal Classification | Political Science | St Aloysius Library | St Aloysius Library | Stack Section | 10/29/2025 | The Publishing Private Limited | 559.00 | 954.035 NAMA | 077947 | 11/05/2025 | 699.00 | 10/07/2025 | Book |